00864nam a22002055i 4500001000700000003000900007005001700016008004100033040002000074100002900094245016900123260005000292300002600342500008400368700002100452700002700473700003400500752002400534852010000558156182ES-MaACL20230906210335.0020409s1898 sp |||| | spa d aCAM bspa cCAM1 aJackson Veyán, José.13aEl paraiso perdido b: bufonada cómico-lírica en un acto y tres cuadros / coriginal de José Jackson Veyán y Gabriel Merino; música de Rubio y Estellés. aMadrid : b[s.n.], c1898 (fR. Velasco imp.) a40, [3] p. ; c20 cm. 1aRepresentada en el Teatro Eldorado de Madrid, la noche del 17 de junio de 1898.11aMerino, Gabriel.11aRubio, Angel, emús.11aEstellés, Ramón, emús. aEspaña - dMadrid aES-MaACLjF-4096(2) z-- Enc. hol. q-- Falto de la cub. original z-- Enc. en un vol. facticio